000 00396nam a22001457a 4500
020 _a978-93-5009-307-8
082 _a920
_bGAN/M
100 _aGANERI, ANITA
245 _aMOTHER TERESA
_bANGEL OF MERCY
260 _aGURGAON
_bHACHETTE INDIA
_c2010
300 _a36
520 _aTHE FULLY ILLUSTRATED LIFE STORIES OF THE WORLD'S MOST INSPIRING PEOPLE!
650 _aBIOGRAPHY
_zINDIA
942 _cBK
999 _c5846
_d5846